[Event "Mistrzostwa Polski Juniorow do lat 16 - Dziewczeta"]
[Site "Ustron – Jaszowiec"]
[Date "1899-12-30"]
[Round "9.2"]
[White "Krzywnicka, Maria"]
[Black "Kucharska, Honorata"]
[Result "0-1"]
[WhiteTitle "I+"]
[BlackTitle "k+"]
[WhiteElo "1720"]
[BlackElo "2093"]

1. e4 d6 2. d4 Nf6 3. Nc3 e5 4. Nf3 Nbd7 5. Bc4 Be7 6. O-O O-O 7. Re1 c6 8. a4
a5 9. h3 exd4 10. Nxd4 Nb6 11. Be2 d5 12. e5 Ne8 13. Bd3 Nc7 14. Qh5 g6 15. Qd1
Ne6 16. Nxe6 Bxe6 17. Bh6 Re8 18. f4 Bc5+ 19. Kh2 Bf2 20. Rf1 Qh4 21. Qf3 Qxh6
22. Qxf2 Nd7 23. Rae1 f5 24. Ne2 Qf8 25. c3 Nc5 26. Bc2 Ne4 27. Bxe4 dxe4 28.
Nd4 Bc4 29. Rg1 Rad8 30. b3 Bd3 31. g4 fxg4 32. Rxg4 c5 33. Nc2 Rxe5 34. Ne3 Re7
35. Qg3 Rg7 36. Rg1 Be2 37. Rg5 Bf3 38. Rd5 Rxd5 39. Nxd5 c4 40. bxc4 Qc5 41.
Qh4 Rf7 42. f5 Qd6+ 43. Qg3 Qxg3+ 44. Rxg3 Kg7 45. f6+ Kf8 46. Rxf3 exf3 47. Kg3
Rd7 48. Kxf3 Rd6 49. Ke4 Rc6 50. Kd4 g5 51. c5 h5 52. Nb6 Kf7 53. Nd7 Re6 54.
Kd5 g4 55. hxg4 hxg4 56. Ne5+ Rxe5+ 0-1

[Event "Mistrzostwa Polski Juniorow do lat 16 - Dziewczeta"]
[Site "Ustron – Jaszowiec"]
[Date "1899-12-30"]
[Round "9.3"]
[White "Leczek, Weronika"]
[Black "Szelag, Zuzanna"]
[Result "1-0"]
[WhiteTitle "I++"]
[BlackTitle "I++"]
[WhiteElo "1909"]
[BlackElo "1759"]

1. e4 c5 2. Nf3 d6 3. Bb5+ Bd7 4. Bxd7+ Qxd7 5. O-O Nc6 6. Re1 e5 7. c3 g6 8. d4
cxd4 9. cxd4 Rd8 10. d5 Nce7 11. Be3 b6 12. Nc3 h6 13. Rc1 f5 14. Qb3 f4 15. Bd2
Rc8 16. Nb5 Rc5 17. Rxc5 bxc5 18. Qa4 Nc8 19. b4 Nb6 20. Qa6 Rh7 21. bxc5 dxc5
22. Nxe5 Qc8 23. Qxc8+ Nxc8 24. Bxf4 g5 25. Be3 Rb7 26. Rb1 Nf6 27. f3 a6 28.
Nc3 Rb4 29. Ng6 Bg7 30. Rc1 Nd7 31. h4 Kf7 32. h5 Nd6 33. e5 Nxe5 34. Bxc5 Rc4
35. Bxd6 Nd3 36. Rb1 Rxc3 37. Rb7+ Kg8 38. Ne7+ Kh8 39. Ng6+ Kh7 40. Bf8 Rc1+
41. Kh2 a5 42. Rxg7# Kg8 1-0

[Event "Mistrzostwa Polski Juniorow do lat 16 - Dziewczeta"]
[Site "Ustron – Jaszowiec"]
[Date "1899-12-30"]
[Round "9.4"]
[White "Guzik, Natalia"]
[Black "Michalska, Aleksandra"]
[Result "1-0"]
[WhiteTitle "I++"]
[BlackTitle "I"]
[WhiteElo "1875"]
[BlackElo "1599"]

1. e4 e5 2. Nf3 Nc6 3. Bc4 Bc5 4. d3 d6 5. c3 Nf6 6. Bb3 a6 7. O-O Ba7 8. Re1 h6
9. h3 O-O 10. Nbd2 Nh5 11. Nf1 Qf6 12. Be3 Bxe3 13. Nxe3 Nf4 14. Kh2 Bd7 15. d4
Rad8 16. Nd5 Qg6 17. Nxf4 exf4 18. Qc1 Qh5 19. Qxf4 g5 20. Qf6 Bc8 21. Bd1 Rde8
22. Ne5 Qh4 23. Ng4 Re6 24. Qf3 f5 25. exf5 Rxe1 26. Bb3+ Kh8 27. Rxe1 Rxf5 28.
Re8+ Kh7 29. Bc2 Kg6 30. Rxc8 1-0

[Event "Mistrzostwa Polski Juniorow do lat 16 - Dziewczeta"]
[Site "Ustron – Jaszowiec"]
[Date "1899-12-30"]
[Round "9.5"]
[White "Swiech, Joanna"]
[Black "Dwilewicz, Agata"]
[Result "0-1"]
[WhiteTitle "k"]
[BlackTitle "I+"]
[WhiteElo "1943"]
[BlackElo "1710"]

1. e4 c5 2. Nf3 e6 3. d4 cxd4 4. Nxd4 Nc6 5. Nc3 Qc7 6. Be3 a6 7. Be2 Nf6 8. a3
Be7 9. O-O O-O 10. Qd2 d5 11. exd5 exd5 12. Bf3 Be6 13. Rfe1 Bd6 14. h3 Ne5 15.
Bg5 Nxf3+ 16. Nxf3 Be7 17. Nd4 Qb6 18. Qe3 Bc5 19. Bxf6 gxf6 20. Qg3+ Kh8 21.
Na4 Qd6 22. Nxc5 Qxc5 23. Nxe6 fxe6 24. Rxe6 Qxc2 25. Re7 Rg8 26. Qh4 Qg6 27.
g3 b5 28. Rd1 Rae8 29. Rd7 Re4 30. g4 f5 31. f3 Re5 32. Rc1 fxg4 33. hxg4 Rh5
34. Qf2 Qf6 35. Rcc7 Rh6 36. Qc2 Qd4+ 37. Kg2 Rxg4+ 38. fxg4 Qxg4+ 39. Kf2 Qf4+
40. Kg1 Qe3+ 41. Qf2 Rg6+ 42. Kf1 Qd3+ 43. Qe2 Qb1+ 44. Qe1 Rf6+ 45. Kg2 Qg6+
46. Kh3 Rf3+ 47. Kh4 Qf6+ 0-1

[Event "Mistrzostwa Polski Juniorow do lat 16 - Dziewczeta"]
[Site "Ustron – Jaszowiec"]
[Date "1899-12-30"]
[Round "9.6"]
[White "Rudzinska, Michalina"]
[Black "Kostecka, Marika"]
[Result "1/2-1/2"]
[WhiteTitle "k"]
[BlackTitle "I++"]
[WhiteElo "1941"]
[BlackElo "1869"]

1. e4 c5 2. Nf3 d6 3. d4 cxd4 4. Qxd4 Nc6 5. Bb5 Bd7 6. Bxc6 Bxc6 7. Nc3 e5 8.
Qd3 Nf6 9. Bg5 Be7 10. Rd1 Qa5 11. Nd2 Rd8 12. Bxf6 gxf6 13. Nc4 Qb4 14. a3 Qc5
15. b4 Qd4 16. Qxd4 exd4 17. Rxd4 f5 18. b5 Bxe4 19. Nxe4 fxe4 20. Ne3 d5 21.
Nxd5 f5 22. a4 Bc5 23. Rd2 Kf7 24. Ke2 Rhe8 25. Rhd1 Re5 26. Ne3 Rxd2+ 27. Rxd2
f4 28. Rd5 Ke6 29. Rxe5+ Kxe5 30. Nc4+ Kd5 31. Na5 b6 32. Nb3 Bb4 33. f3 exf3+
34. Kxf3 Kc4 35. Kxf4 Bd6+ 36. Ke4 Bxh2 37. Nd4 Kb4 38. Nc6+ Kxa4 39. Nxa7 Kb4
40. Kd5 Kc3 41. Nc8 Bg1 42. Kc6 Kxc2 43. Nxb6 Kd3 44. Nd7 Ba7 45. Kd5 h5 46. g3
Ke3 47. Nf6 Kf3 48. Nxh5 Kg4 49. Nf6+ Kxg3 50. Nd7 Kf4 51. Kc6 Ke4 52. Kc7 Kd5
53. b6 1/2-1/2

[Event "Mistrzostwa Polski Juniorow do lat 16 - Dziewczeta"]
[Site "Ustron – Jaszowiec"]
[Date "1899-12-30"]
[Round "9.7"]
[White "Karlyk, Maria"]
[Black "Skiba, Aleksandra"]
[Result "1/2-1/2"]
[WhiteTitle "I"]
[BlackTitle "I+"]
[WhiteElo "1501"]
[BlackElo "1633"]

1. e4 c5 2. Nc3 Nc6 3. d3 g6 4. g3 Bg7 5. Bg2 Rb8 6. Be3 d6 7. Qd2 b5 8. Nge2 b4
9. Nd1 Nd4 10. c3 bxc3 11. bxc3 Nxe2 12. Qxe2 Ba6 13. Qc2 Qa5 14. O-O e6 15. Rb1
Rxb1 16. Qxb1 Qb6 17. Qc2 Ne7 18. f4 O-O 19. Nf2 Rb8 20. Rc1 f5 21. Bf3 Qb2 22.
c4 Qb6 23. g4 Nc6 24. exf5 gxf5 25. gxf5 exf5 26. Bd5+ Kh8 27. Qe2 Nd4 28. Qh5
Bb7 29. Nh3 Bxd5 30. cxd5 Bf6 31. Ng5 Bxg5 32. fxg5 Rg8 33. Bxd4+ cxd4 34. Re1
Qd8 35. h4 Rg6 36. Re6 Rxe6 37. dxe6 Qc8 38. e7 Qc1+ 39. Kg2 Qd2+ 40. Kf1 Qf4+
41. Ke1 1/2-1/2

[Event "Mistrzostwa Polski Juniorow do lat 16 - Dziewczeta"]
[Site "Ustron – Jaszowiec"]
[Date "1899-12-30"]
[Round "9.8"]
[White "Kalinowska, Zuzanna"]
[Black "Trusz, Julia"]
[Result "1-0"]
[WhiteTitle "k+"]
[BlackTitle "I+"]
[WhiteElo "1833"]
[BlackElo "1688"]

1. d4 Nf6 2. c4 e6 3. Nf3 b6 4. Bg5 Be7 5. Nc3 Bb7 6. e3 O-O 7. Bd3 d5 8. cxd5
Nxd5 9. Bxe7 Qxe7 10. Nxd5 Bxd5 11. O-O Nd7 12. Qc2 Nf6 13. e4 Bb7 14. e5 Nd5
15. Bxh7+ Kh8 16. Be4 Rac8 17. a4 c5 18. Qb1 cxd4 19. Nxd4 Rc4 20. Qd3 Qh4 21.
Qxc4 Qxe4 22. Rfe1 Ne3 23. f3 Nxc4 24. fxe4 Nxb2 25. a5 Nd3 26. Re3 Nxe5 27. a6
Ba8 28. Nb5 Nc6 29. Nc7 Kg8 30. Rc3 Ne5 31. Nxa8 Rxa8 32. Rac1 b5 33. Rc8+ Rxc8
34. Rxc8+ Kh7 35. Rb8 Nc6 36. Rxb5 Kg6 37. Kf2 Kf6 38. Ke3 e5 39. Rb7 1-0

[Event "Mistrzostwa Polski Juniorow do lat 16 - Dziewczeta"]
[Site "Ustron – Jaszowiec"]
[Date "1899-12-30"]
[Round "9.9"]
[White "Krzysztynska, Anna"]
[Black "Moscicka, Pola"]
[Result "1-0"]
[WhiteTitle "I"]
[BlackTitle "k+"]
[WhiteElo "1578"]
[BlackElo "1925"]

1. e4 c5 2. Nf3 Nc6 3. d4 cxd4 4. Nxd4 Nf6 5. Nc3 e5 6. Ndb5 d6 7. Nd5 Nxd5 8.
exd5 Nb8 9. c4 Be7 10. Be2 O-O 11. O-O a6 12. Nc3 f5 13. f4 Bf6 14. Be3 exf4 15.
Bxf4 Qb6+ 16. Kh1 Nd7 17. Na4 Qc7 18. Rc1 g5 19. Bg3 f4 20. Bf2 Ne5 21. c5 g4
22. Nb6 Rb8 23. cxd6 Qg7 24. Rc7 Qh6 25. d7 g3 26. Bg1 Nxd7 27. Nxd7 Bd8 28. d6
Bxd7 29. Rxd7 Bb6 30. Qb3+ Kh8 31. Qxb6 1-0

[Event "Mistrzostwa Polski Juniorow do lat 16 - Dziewczeta"]
[Site "Ustron – Jaszowiec"]
[Date "1899-12-30"]
[Round "9.10"]
[White "Kindler, Karolina"]
[Black "Lascar, Maria Elena"]
[Result "1-0"]
[WhiteTitle "I++"]
[BlackTitle "I+"]
[WhiteElo "1738"]
[BlackElo "1485"]

1. Nf3 Nf6 2. b3 e6 3. Bb2 d5 4. e3 b6 5. d3 Bb7 6. Nbd2 c5 7. c4 Nc6 8. a3 Bd6
9. Be2 O-O 10. O-O Re8 11. Rc1 a6 12. Rc2 Rc8 13. Qa1 Be7 14. Rfc1 g6 15. Ne5
Nxe5 16. Bxe5 Nd7 17. Bb2 f6 18. cxd5 exd5 19. d4 Bd6 20. Bf3 Qe7 21. Nc4 Bb8
22. Qa2 Qe6 23. Nd2 Bd6 24. b4 Kf8 25. bxc5 bxc5 26. dxc5 Rxc5 27. Rxc5 Nxc5 28.
Bd4 Nd3 29. Rb1 Qf7 30. Qb3 Nxf2 31. Qxb7 Ne4 32. Nxe4 Qxb7 33. Rxb7 dxe4 34.
Be2 Bxa3 35. Bxf6 a5 36. Bg7+ Kg8 37. Bc4+ 1-0

[Event "Mistrzostwa Polski Juniorow do lat 16 - Dziewczeta"]
[Site "Ustron – Jaszowiec"]
[Date "1899-12-30"]
[Round "9.11"]
[White "Kulpa, Zuzanna"]
[Black "Hryn, Zofia"]
[Result "1-0"]
[WhiteTitle "I++"]
[BlackTitle "I++"]
[WhiteElo "1680"]
[BlackElo "1767"]

1. d4 d6 2. e4 Nf6 3. Nc3 c6 4. g3 e5 5. Bg2 Bg4 6. Nge2 Be7 7. h3 Bh5 8. Be3 Nbd7
9. g4 Bg6 10. Ng3 Nb6 11. b3 Qc7 12. Qd2 O-O-O 13. a4 d5 14. a5 exd4 15. Bxd4
Na8 16. exd5 cxd5 17. Nb5 Qd7 18. Qc3+ Nc7 19. Nxa7+ Kb8 20. O-O Nb5 21. Nxb5
Qxb5 22. Qd2 Rhe8 23. Rfc1 Bc5 24. a6 Ne4 25. Nxe4 dxe4 26. Qf4+ Bd6 27. Qe3 Be5
28. Bxe5+ Qxe5 29. axb7 Qd4 30. Qxd4 Rxd4 31. Ra8+ Kxb7 32. Rxe8 1-0

[Event "Mistrzostwa Polski Juniorow do lat 16 - Dziewczeta"]
[Site "Ustron – Jaszowiec"]
[Date "1899-12-30"]
[Round "9.12"]
[White "Orlik, Sandra"]
[Black "Sowa, Wiktoria"]
[Result "1-0"]
[WhiteTitle "I+"]
[BlackTitle "I+"]
[WhiteElo "1698"]
[BlackElo "1812"]

1. d4 Nf6 2. Nf3 e6 3. e3 c5 4. Bd3 d5 5. b3 Nc6 6. Bb2 cxd4 7. exd4 Bd6 8. O-O
O-O 9. Re1 Ne7 10. Ne5 Ng6 11. g3 a5 12. Nd2 a4 13. Rb1 Bd7 14. Qe2 Qe7 15. f4
axb3 16. axb3 Ra2 17. c4 Bb4 18. Rec1 Rfa8 19. Rc2 dxc4 20. Ndxc4 Nd5 21. Be4
Bb5 22. Qf2 Rd8 23. Ra1 Rxa1+ 24. Bxa1 Nf8 25. Ne3 Ba6 26. Qf3 Nxe3 27. Qxe3 Nd7
28. Nxd7 Qxd7 29. Qc1 Bd6 30. Bg2 Bb8 31. Kh1 Bd3 32. Rd2 Rc8 33. Qd1 Bf5 34.
d5 Qb5 35. dxe6 Qe8 36. Bxb7 Ba7 37. exf7+ Kxf7 38. Qh5+ Bg6 39. Qd5+ Kf8 40.
Rd1 Rb8 41. Be5 Bh5 42. Bd6+ 1-0

[Event "Mistrzostwa Polski Juniorow do lat 16 - Dziewczeta"]
[Site "Ustron – Jaszowiec"]
[Date "1899-12-30"]
[Round "9.13"]
[White "Ossolinska, Matylda"]
[Black "Buchta, Agnieszka"]
[Result "0-1"]
[WhiteTitle "I"]
[BlackTitle "I++"]
[WhiteElo "1515"]
[BlackElo "1715"]

1. e4 c5 2. Nf3 e6 3. c4 Nc6 4. d4 cxd4 5. Nxd4 Nf6 6. Nc3 Bb4 7. f3 d5 8. cxd5
exd5 9. Nxc6 bxc6 10. exd5 Nxd5 11. Bd2 Nxc3 12. Bxc3 Bxc3+ 13. bxc3 Qa5 14. Qd4
O-O 15. Kf2 Rb8 16. Be2 Rb2 17. a4 Re8 18. Rhe1 Ba6 19. c4 Rd2 20. Qxa7 Rdxe2+
21. Rxe2 Rxe2+ 22. Kf1 Re8 23. Kf2 Qc3 24. Rf1 Qxc4 25. Ra1 Qh4+ 0-1

[Event "Mistrzostwa Polski Juniorow do lat 16 - Dziewczeta"]
[Site "Ustron – Jaszowiec"]
[Date "1899-12-30"]
[Round "9.14"]
[White "Choinska, Debora"]
[Black "Zamarska, Sylwia"]
[Result "1/2-1/2"]
[WhiteTitle "I"]
[BlackTitle "I++"]
[WhiteElo "1479"]
[BlackElo "1681"]

1. e4 c6 2. d4 d5 3. Nc3 dxe4 4. Nxe4 Bf5 5. Ng3 Bg6 6. Bc4 e6 7. N1e2 Nf6 8. Nf4
Bd6 9. c3 Qc7 10. Qf3 Nbd7 11. Bb3 Nd5 12. Bxd5 cxd5 13. O-O Nf6 14. Re1 O-O 15.
Nxg6 hxg6 16. Bg5 Bxg3 17. Qxg3 Qxg3 18. hxg3 Ne4 19. Bf4 Rac8 20. f3 Nf6 21.
Kf2 Nd7 22. Re2 Rc6 23. Bd2 Rfc8 24. Rc1 b5 25. Ree1 a5 26. b3 Nb6 27. Kf1 Kf8
28. Kf2 Ke7 29. Ke2 Kd6 30. Kd3 a4 31. Bf4+ Kd7 32. Bd2 Ra8 33. Ra1 Rc7 34. Reb1
axb3 35. axb3 Rca7 36. Rxa7+ Rxa7 37. Kc2 f6 38. Kb2 Ra8 39. Rh1 Re8 40. Rh7 Re7
41. Kc2 Nc8 42. Kb2 Nb6 43. Ka3 Kd6 44. Kb4 Kc6 45. Bh6 Kd7 1/2-1/2

[Event "Mistrzostwa Polski Juniorow do lat 16 - Dziewczeta"]
[Site "Ustron – Jaszowiec"]
[Date "1899-12-30"]
[Round "9.15"]
[White "Koruch, Maria"]
[Black "Pyzio, Amelia"]
[Result "1-0"]
[WhiteTitle "I"]
[BlackTitle "I+"]
[WhiteElo "1513"]
[BlackElo "1656"]

1. e4 e5 2. Nf3 Nc6 3. Bb5 a6 4. Ba4 Nf6 5. O-O Be7 6. d3 b5 7. Bb3 d6 8. a4 Rb8
9. axb5 axb5 10. c3 O-O 11. Bd5 Qd7 12. Qb3 Nxd5 13. exd5 Nd8 14. c4 Nb7 15. Be3
Qg4 16. cxb5 f5 17. Nxe5 dxe5 18. d6+ Kh8 19. dxc7 Ra8 20. Rxa8 f4 21. f3 Qh5
22. Bf2 Qe8 23. Rc1 Qd7 24. b6 h6 25. Qc4 Kh7 26. Qe4+ Kh8 27. Qxe5 Bd6 28. Qd5
Re8 29. Rb8 Nc5 30. Bxc5 Bxc5+ 31. Qxc5 Qxd3 32. Rxc8 1-0

[Event "Mistrzostwa Polski Juniorow do lat 16 - Dziewczeta"]
[Site "Ustron – Jaszowiec"]
[Date "1899-12-30"]
[Round "9.16"]
[White "Samujlo, Agnieszka"]
[Black "Szulc, Patrycja"]
[Result "0-1"]
[WhiteTitle "I+"]
[BlackTitle "I"]
[WhiteElo "1542"]
[BlackElo "1573"]

1. e4 c5 2. Nf3 a6 3. d4 cxd4 4. Nxd4 e5 5. Nf3 Nc6 6. Nc3 Bb4 7. Bd2 Nf6 8. Bd3
O-O 9. O-O d6 10. a3 Bc5 11. b4 Ba7 12. Bg5 Be6 13. Qd2 Nd4 14. Nxd4 Bxd4 15.
Rad1 h6 16. Be3 Bxe3 17. Qxe3 b5 18. f3 Qc7 19. Ne2 d5 20. exd5 Nxd5 21. Qf2 f5
22. Ng3 f4 23. Nf5 Bxf5 24. Bxf5 Ne3 25. Be6+ Kh8 26. Rd7 Qc6 27. Bh3 Nxf1 28.
Kxf1 Qc3 29. Rd3 Qc4 30. Qe2 Rae8 31. Rd6 Qxe2+ 32. Kxe2 Rf6 33. Rxf6 gxf6 34.
Bf5 Rd8 35. g4 Rd4 36. Bd3 Kg7 37. h4 Kf7 38. Kd2 Ke6 39. Kc3 Rd6 40. Bf5+ Kd5
41. Be4+ Ke6 42. Bf5+ Ke7 43. Bd3 Kd7 44. Kb3 Kc6 45. Be4+ Kb6 46. c4 bxc4+ 47.
Kxc4 Rd4+ 48. Kc3 Rxe4 49. fxe4 f3 50. Kd3 f2 51. Ke2 Kb5 52. Kxf2 Ka4 53. Kf3
Kxa3 54. g5 fxg5 55. hxg5 hxg5 56. Kg4 Kxb4 57. Kxg5 Kc4 58. Kf5 Kd4 0-1

[Event "Mistrzostwa Polski Juniorow do lat 16 - Dziewczeta"]
[Site "Ustron – Jaszowiec"]
[Date "1899-12-30"]
[Round "9.17"]
[White "Bilczewska, Olga"]
[Black "Surpeta, Julia"]
[Result "1-0"]
[WhiteTitle "I"]
[BlackTitle "I"]
[WhiteElo "1638"]
[BlackElo "1458"]

1. e4 c5 2. c3 d5 3. exd5 Qxd5 4. d4 cxd4 5. cxd4 Nc6 6. Nf3 e5 7. Nc3 Bb4 8. Bd2
Bxc3 9. Bxc3 e4 10. Ne5 Nxe5 11. dxe5 Ne7 12. Qc2 O-O 13. Rd1 Qxa2 14. Qxe4 Bf5
15. Qc4 Qxc4 16. Bxc4 Ng6 17. O-O Rfe8 18. f4 Rad8 19. g3 h5 20. Bb5 Bg4 21. Rc1
Bd7 22. Be2 Bh3 23. Rfd1 h4 24. Kf2 Bf5 25. Rd6 Rc8 26. Rcd1 Kh7 27. Bb5 Re7 28.
Kf3 Rcc7 29. Bb4 Re6 30. g4 Bc2 31. R1d2 a6 32. Bd3 Bxd3 33. R2xd3 Rc4 34. Bd2
Re7 35. Rd7 Rc2 36. b4 Rc7 37. Rxc7 Rxc7 38. Ke4 Ne7 39. Be1 Kg6 40. Rd6+ f6 41.
exf6 gxf6 42. Bxh4 Rc4+ 43. Rd4 Rc6 44. f5+ Kf7 45. Kd3 b6 46. Bg3 a5 47. bxa5
bxa5 48. Ra4 Rc5 49. Bd6 Rd5+ 50. Rd4 a4 51. Bxe7 Rxd4+ 52. Kxd4 Kxe7 53. Kc4
Kd6 54. h4 Ke7 55. g5 Kf7 56. Kb4 Kg7 57. Kxa4 1-0

[Event "Mistrzostwa Polski Juniorow do lat 16 - Dziewczeta"]
[Site "Ustron – Jaszowiec"]
[Date "1899-12-30"]
[Round "9.18"]
[White "Gredka, Dominika"]
[Black "Kubiak, Aleksandra"]
[Result "1-0"]
[WhiteTitle "I++"]
[BlackTitle "II+"]
[WhiteElo "1589"]
[BlackElo "1320"]

1. e4 e5 2. Nf3 d5 3. exd5 Bd6 4. d3 h6 5. Be2 Nf6 6. c4 O-O 7. O-O Bf5 8. Nc3
a6 9. a3 Nbd7 10. Re1 Nh7 11. Ne4 Be7 12. Ng3 Bg6 13. Bd2 Nhf6 14. Bf1 Bd6 15.
Nh4 Bh7 16. Nhf5 Bc5 17. b4 Be7 18. Bc3 Bd6 19. Qf3 b6 20. Ne4 Nxe4 21. dxe4 Rc8
22. Bd2 Qf6 23. Bd3 Kh8 24. Qg4 Rfd8 25. Ng3 Qe7 26. Nf5 Qf6 27. Rac1 Nb8 28.
c5 Be7 29. Ng3 Re8 30. Nh5 Qg6 31. Qxg6 Bxg6 32. Ng3 Nd7 33. Be3 Ra8 34. Red1
b5 35. a4 bxa4 36. Ra1 a5 37. Bb5 Red8 38. Bxd7 Rxd7 39. Rxa4 Rdd8 40. Rxa5 Rab8
41. Ra7 Rbc8 42. b5 1-0